000 00515nam a22001697a 4500
005 20251108172543.0
008 250721s9999 xx 000 0 ara d
082 1 4 _a818.03عنا
100 1 _aعناني، محمد
245 1 0 _aواحات العمر : سيرة أدبية /
264 1 _aالقاهرة :
_bالهئية المصرية العامة للكتاب،
300 _a235 ص
650 1 7 _aالأدب العربي
650 1 7 _aالمذكرات الأدبية
942 _2ddc
_cBK
999 _c82382
_d82382